000 01019cam a2200217 a 4500
020 _a1851661220 :
082 0 0 _a624.1/821
_bCOM
_cL-20, P-178
100 _aNarayanan, R
_937728
245 0 0 _aComposite steel structures :
_badvances, design, and construction /
_cedited by R. Narayanan.
260 _aLondon ;
_aNew York :
_bElsevier Applied Science :
_bSole distributor in the USA and Canada, Elsevier Science Pub. Co.,
_cc1987.
300 _aviii, 178 p. :
_bill. ;
_c23 cm.
500 _a"Organised by the Department of Civil and Structural Engineering, University College, Cardiff"--Pref.
500 _a"Proceedings of the International Conference on Steel and Aluminum Structures, Cardiff, UK, 8-10 July 1987"--P. ii.
526 _a0
_b0
_c0
_d624_182100000000000_COM
650 0 _aBuilding, Iron and steel
_xCongresses.
_937729
650 0 _aComposite construction
_xCongresses.
_937730
650 0 _aMCE
_9379
700 1 _aNarayanan, R.
_937728
710 2 _aUniversity College, Cardiff.
_937731
942 _2ddc
_cBK
999 _c542543
_d542543